Piłka nożna - prawda czy fałsz #3 - Statystyki

Ogólne statystyki
  • Ten quiz został rozwiązany 97 razy
  • Średni wynik to 11 z 15
Statystyki odpowiedzi
Zagadnienie Odpowiedź % Poprawnych
Reprezentacja Słowenii występowała kiedyś na Euro. prawda
91%
Zawodnik grający na pozycji bramkarza wygrał kiedyś Złotą Piłkę. prawda
91%
Xabi Alonso zdobył z reprezentacją Hiszpanii zarówno mistrzostwo świata jak i mistrzostwo Europy. prawda
87%
Tottenham wygrał kiedyś Premier League (od 1992 r.). fałsz
84%
PSG jest jedynym francuskim klubem, który wygrał Ligę Mistrzów (od 1955 r.). fałsz
82%
Nani występował w Manchesterze City. fałsz
82%
Kylian Mbappe jest najlepszym strzelcem w historii PSG (stan na 2025 r.). prawda
77%
Olivier Giroud jest najlepszym strzelcem w historii reprezentacji Francji (stan na 2025 r.). prawda
75%
Karim Benzema ma na swoim koncie więcej bramek dla Realu Madryt niż Raul. prawda
66%
Robert Lewandowski jest najlepszym strzelcem w historii Bundesligi. fałsz
65%
Belgijski zespół nigdy nie wygrał Ligi Mistrzów. prawda
65%
Pierre-Emerick Aubameyang i Robert Lewandowski grali razem w Borussi Dortmund. prawda
65%
Sadio Mane został kiedyś królem strzelców Premier League. prawda
53%
Kaka grał w Realu Madryt z Ronaldo Nazario. fałsz
48%
Cesc Fabregas jest najlepszym asystentem w historii reprezentacji Hiszpanii (stan na 2025 r.). prawda
44%
Nie znaleziono quizów pasujących do podanych kryteriów
Rozkład punktacji
Procent ludzi z każdym wynikiem
Percentyl według liczby udzielonych odpowiedzi
Twoja historia wyników
Nie rozwiązałeś tego quizu